| 000 | 00634nam a22001937a 4500 | ||
|---|---|---|---|
| 020 | _a9780230228184 | ||
| 082 |
_a305.800 973 _bPET/B |
||
| 245 |
_aThe Black and Green atlantic : _bCross-currents of the African and Irish Diasporas/ _cby Peter D O'Neill (ed.) and David Lloyd (ed.) |
||
| 260 |
_aNewyork: _bPalgrave, _c2009. |
||
| 300 | _a283p. | ||
| 650 |
_aEthnography _938675 |
||
| 650 |
_aSocial group _938676 |
||
| 650 |
_aAfrican Social Group _938677 |
||
| 650 |
_aIrish Social Group _938678 |
||
| 650 |
_aSocial Sciences _938679 |
||
| 700 |
_aPeter D O'Neill (ed.) _938680 |
||
| 700 |
_a David Lloyd (ed.) _938681 |
||
| 942 | _cBK | ||
| 999 |
_c70810 _d70810 |
||